000 00621nam a2200181 i 4500
001 132076
003 ES-MaACL
005 20230906194111.0
007 t|
008 070214s1969 sp r ||||1| spa d
100 1 _aRodríguez Sahagún, Tomás.
_998788
245 1 0 _aDe la confrontación a la participación /
_cpor Tomás Rodríguez Sahagún ; prólogo por José Gaspar G. Palenzuela Cambreleng.
260 _aMadrid :
_bEd. Ibérico Europea,
_c1969.
300 _aXVI, 329 p. ;
_c22 cm.
710 1 _aPalenzuela Cambreleng, José Gaspar G.
_9219821
852 _aES-MaACL
_jC-48457
_bR.71910
999 _c132076
_d132076